000 00490nam a2200181Ia 4500
001 21294
005 20260306172908.0
008 260306t2019||||xx |||||||||||||| ||spa||
041 _aESP
082 _a344.523
_bL542P
100 _aLídice, Roberta
_eAUT
245 0 _aPolíticas públicas para enfrentar la violencia doméstica y familiar:
_bun deber del Estado
260 _c2019
300 _a113 páginas :
_c23 cm.
650 _aGEN
654 _aCDE
942 _cLIB
_dJUS
_fJUS
_2ddc
_n
999 _c21294
_d21294